000 00733nam a2200205Ii 4500
003 JO-AjNU
008 230605s9999||||xx |||||||||||||| ||und||
020 _a9953-27-199-2
040 _aJO-AjNU
_bara
_erda
_cJO-AjNU
041 _aara
050 1 4 _aPJ6620.R3 2005
100 3 _aالرازي، زين الدين محمد بن ابي بكر بن عبد القادر ؛ تحقيق أحمد ابراهيم زهوة,
_eauthor
_957191
245 0 0 _aمختار الصحاح
264 3 1 _aبيروت: دار الكتاب العربي، 2005
300 _a359ص
336 _atext
_btxt
_2rdacontent
337 _aunmediated
_bn
_2rdamedia
338 _avolume
_bnc
_2rdacarrier
650 4 _aاللغة العربية- معاجم
_957192
999 _aA25613
_c29181
_d29181